<?xml version="1.0" encoding="UTF-8"?>
<record
    xmlns:xsi="http://www.w3.org/2001/XMLSchema-instance"
    xsi:schemaLocation="http://www.loc.gov/MARC21/slim http://www.loc.gov/standards/marcxml/schema/MARC21slim.xsd"
    xmlns="http://www.loc.gov/MARC21/slim">

  <leader>01284nam a2200169 a 4500</leader>
  <controlfield tag="001">000046332</controlfield>
  <controlfield tag="005">20201002052808.0</controlfield>
  <controlfield tag="008">150723s2013    dr ac         000 0 spa d</controlfield>
  <datafield tag="040" ind1=" " ind2=" ">
    <subfield code="a">DO-SdBNP</subfield>
    <subfield code="b">spa</subfield>
    <subfield code="c">BNPHU</subfield>
  </datafield>
  <datafield tag="082" ind1=" " ind2=" ">
    <subfield code="a">xxxx</subfield>
    <subfield code="b">xxxx</subfield>
  </datafield>
  <datafield tag="245" ind1="0" ind2="0">
    <subfield code="a">Con otra mirada :</subfield>
    <subfield code="b">gu&#xED;a para trabajar la comunicaci&#xF3;n y la publicidad con enfoques no discriminatorios y no sexistas /</subfield>
    <subfield code="c">presentaci&#xF3;n Alejandrina Germ&#xE1;n.</subfield>
  </datafield>
  <datafield tag="260" ind1=" " ind2=" ">
    <subfield code="a">Santo Domingo :</subfield>
    <subfield code="b">Ministerio de la Mujer,</subfield>
    <subfield code="c">2013.</subfield>
  </datafield>
  <datafield tag="300" ind1=" " ind2=" ">
    <subfield code="a">208 p. :</subfield>
    <subfield code="b">il., retrs. ;</subfield>
    <subfield code="c">27 cm.</subfield>
  </datafield>
  <datafield tag="504" ind1=" " ind2=" ">
    <subfield code="a">Bibliograf&#xED;a : p. 200-208</subfield>
  </datafield>
  <datafield tag="505" ind1="0" ind2=" ">
    <subfield code="a">Antecesdentes de una batallar que comenz&#xF3; hace tiempo --</subfield>
    <subfield code="t">Profecionales de la comunicaci&#xF3;n no son robots --</subfield>
    <subfield code="t">La realidad de los medios no es la realidad --</subfield>
    <subfield code="t">Valorar los impactos de la comunicaci&#xF3;n que hacemos --</subfield>
    <subfield code="t">El mundo se piensa en palabras --</subfield>
    <subfield code="t">Violencias en los medios --</subfield>
    <subfield code="t">De humanas y de humanos --</subfield>
    <subfield code="t">&#xA1;Qu&#xE9; dificil es ser var&#xF3;n! --</subfield>
    <subfield code="t">La pol&#xED;tica si es cosa de mujeres --</subfield>
    <subfield code="t">Todo el mundo quiere lucir bien --</subfield>
    <subfield code="t">Otra publicidad es posible --</subfield>
    <subfield code="t">Los monitoreos --</subfield>
    <subfield code="t">Algunos ejemplos de situaciones presentes en programas de entretenimiento, variedades y humor --</subfield>
    <subfield code="g">Segunda parte</subfield>
    <subfield code="t">Hojas de trabajo: Descubrir verdades --</subfield>
    <subfield code="g">Tercera parte</subfield>
    <subfield code="t">Textos para leer despu&#xE9;s --</subfield>
  </datafield>
  <datafield tag="700" ind1="1" ind2="2">
    <subfield code="a">Germ&#xE1;n, Alejandrina,</subfield>
    <subfield code="e">pres.</subfield>
    <subfield code="9">12096</subfield>
  </datafield>
  <datafield tag="952" ind1=" " ind2=" ">
    <subfield code="0">0</subfield>
    <subfield code="1">0</subfield>
    <subfield code="7">1</subfield>
    <subfield code="8">PD</subfield>
    <subfield code="a">PD</subfield>
    <subfield code="b">PD</subfield>
    <subfield code="c">CT</subfield>
    <subfield code="d">2015-07-23</subfield>
    <subfield code="i">LF1</subfield>
    <subfield code="l">0</subfield>
    <subfield code="o">xxxx xxxx</subfield>
    <subfield code="p">46332-10</subfield>
    <subfield code="r">2020-06-25</subfield>
    <subfield code="w">2020-06-25</subfield>
    <subfield code="y">LFPD</subfield>
    <subfield code="Z">No se presta</subfield>
  </datafield>
  <datafield tag="999" ind1=" " ind2=" ">
    <subfield code="c">45821</subfield>
    <subfield code="d">45821</subfield>
  </datafield>
</record>
